A new theory and the origin and evolution of brahmi alphabet/ (Record no. 31320)

000 -LEADER
fixed length control field 00355nam a22001331a 4500
020 ## - INTERNATIONAL STANDARD BOOK NUMBER
ISBN 9788189320102
082 ## - DEWEY DECIMAL CLASSIFICATION NUMBER
Classification number 091
Item number BAN/N
100 ## - MAIN ENTRY--AUTHOR NAME
Personal name Banerjee A
245 ## - TITLE STATEMENT
Title A new theory and the origin and evolution of brahmi alphabet/
Statement of responsibility, etc by Banerjee A
260 ## - PUBLICATION, DISTRIBUTION, ETC. (IMPRINT)
Place of publication New Delhi:
Name of publisher Black & White,
Year of publication 2006.
300 ## - PHYSICAL DESCRIPTION
Number of Pages 118p.
650 ## - SUBJECT ADDED ENTRY--TOPICAL TERM
Topical Term Manuscriptology
942 ## - ADDED ENTRY ELEMENTS (KOHA)
Koha item type Book
Holdings
Withdrawn status Lost status Damaged status Not for loan Permanent Location Current Location Date acquired Cost, normal purchase price Full call number Accession Number Cost, replacement price Price effective from Koha item type
        Sree Sankaracharya University of Sanskrit Sree Sankaracharya University of Sanskrit 08.01.2015 350.00 091 BAN/N 055835 0.00 08.01.2015 Book